000 01169nam0a22002771i 4500
001 rc\2188888
005 20240726040240.0
035 _a(NLR Aleph) 006611908
090 _a7358043
_c7358043
100 _a20110829d1978 |||y0rusy50 ca
101 0 _arus
102 _aRU
105 _aa d |||||
200 1 _aМетодические основы разработки оптимальных планов использования минеральных удобрений
_e(На прим. с.-х. предприятий Моск. обл.)
_eАвтореф. дис. на соиск. учен. степ. канд. экон. наук
_e(08.00.13)
210 _aМосква
_d1978
215 _a23 с.
_cил.
300 _aВ надзаг.: Моск. ин-т нар. хоз-ва им. Г.В. Плеханова
320 _aСписок работ авт.: с. 23 (4 назв.)
700 1 _aМатвеева
_bЕ.Т.
_gЕлена Тихоновна
801 1 _aRU
_bELAR
_2rusmarc
801 0 _aRU
_bNLR
_gpsbo
852 _aNLR
_j79-4/10376
899 _aRuMoRGB
_jДр 373/1108
899 _aRuMoRGB
_jДр 373/1109
899 _aRuMoRGB
_jДр 373/2144
942 _cBOOK